000 00712nam a2200229Ia 4500
003 OSt
005 20220923225651.0
006 a|||||r|||| 00| 0
007 ta
008 220922b |||||||| |||| 00| 0 snd d
024 _a273,287
037 _cTextual
040 _aARTS
_cARTS
_bsnd
041 _2snd
_asnd
082 _aO1593,2N11x, L3
100 _aपंजवाणी, रामु प्रतापराइ
_9168791
245 0 _aसिन्धी टे कहानियूं
246 _aSindhī ṭe kahāniyūan
260 _c1973
942 _hO1593,2N11x, L3
_cTEXL
_2CC
999 _c379746
_d379746